[Event "FRA-ch 57 Championnat"]
[Site "Schiltigheim"]
[Date "1982.08.26"]
[Round "9"]
[White "Manouck, Thierry"]
[Black "Roos, Louis"]
[Result "1-0"]
[WhiteElo "2405"]
[BlackElo "2340"]
[Annotator "Primel,D"]
[PlyCount "95"]
[EventDate "1982.08.16"]
[EventType "swiss"]
[EventRounds "13"]
[EventCountry "FRA"]
[SourceTitle "EXT 2004"]
[Source "ChessBase"]
[SourceDate "2003.11.25"]
[SourceVersion "1"]
[SourceVersionDate "2003.11.25"]
[SourceQuality "1"]

1. c4 {Thierry MANOUCK a obtenu sa 1ère norme de MI, 1 mois plus tard а la
mitroca cup organisée en France} Nf6 2. g3 c6 3. Nf3 g6 4. b3 {Conformément а
son style et а son répertoire, T.MANOUCK choisit une variante permettant de
manoeuvrer} Bg7 5. Bb2 O-O 6. Bg2 d6 7. d3 $146 {un peu passif} (7. O-O e5 8.
d3 {Petrosian,T-Larsen,B Zagreb (7) 1-0}) (7. d4) 7... Nbd7 8. O-O Re8 {
[%cal Ge7e5]} 9. Nbd2 a6 $6 {L.ROOS va ensuite utiiliser un plan peu logique.
Il semble commencer а préparer la poussée b7b5 en jouant a6, puis Rb8 et
ensuite, il change de plan avec b6.} (9... e5 {Plus logique après avoir joué
Re8}) (9... a5 $1 {[%cal Ga5a4]} 10. a3 (10. Qc2 $6 a4 $132) 10... Qb6 (10...
c5 {[%csl Rb4]} 11. Nb1 {[%cal Gb1c3,Gc3b5]}) (10... Nc5) 11. Qc2 e5 12. e4 {
[%csl Rd4]} Nc5 13. Rfd1 Ng4 $1 {[%csl Rf2][%cal Gb6f2]}) 10. Qc2 Rb8 $6 11. b4
e5 12. e4 c5 {[%csl Rd4]} 13. a3 b6 14. Bc3 $1 h6 15. a4 Qc7 (15... cxb4 $1 16.
Bxb4 Qc7 (16... Nc5)) 16. Rfc1 cxb4 17. Bxb4 a5 $5 {[%csl Rb5]} (17... Nc5 18.
a5 bxa5 19. Bxa5) 18. Ba3 Nc5 19. Nb1 $1 {[%cal Gb1c3,Gc3b5]} Bd7 20. Nc3 Bc6
21. Bh3 $14 {[%csl Rc8]} Nh7 22. Rcb1 $1 {[%csl Rb6]} f5 23. Nd5 Qf7 (23...
Bxd5 24. cxd5 {[%csl Rc6]}) 24. Bxc5 $1 {le Nc5 était une des rares pièces
noires actives} bxc5 25. exf5 $1 Bxd5 (25... gxf5 26. Nh4 {[%csl Rf5]}) (25...
e4 26. dxe4 Bxa1 27. Rxa1 $44 Bxd5 28. exd5) 26. fxg6 $1 {[%cal Gg6h7]} Qxf3 (
26... Qxg6 27. cxd5) 27. gxh7+ Kxh7 28. cxd5 e4 29. dxe4 $1 {il va manquer un
tempo aux noirs pour prendre le Pe4 а cause de l'enfilade Bf5} Bxa1 30. Rxa1
Kg7 (30... Rxe4 31. Bg2) (30... Qxe4 31. Bf5+) 31. Re1 $44 {[%csl Ge6,Gf5]
[%cal Gh3e6,Ge1e3,Gh3f5]} Rb4 32. Re3 (32. Bf5 Reb8 {[%cal Gb4b2]}) 32... Qf6
33. Bf5 Reb8 34. Kg2 Rb2 35. Qd1 Qg5 36. Qf3 {[%csl Rg7]} Ra2 37. h4 $1 Qf6 38.
Qh5 {[%cal Ge3f3]} Rbb2 39. Rf3 $40 {[%cal Gf5e6]} c4 $6 40. e5 $1 dxe5 41.
Qg4+ Kh8 42. Bc2 $1 Qe7 43. Qc8+ {Avec mat en 11!} Kg7 44. d6 Qxd6 45. Qf5 Rxc2
46. Qf7+ Kh8 47. Qe8+ Kg7 48. Rf7+ {[%mdl 512]} 1-0

[Event "Olympiad-32"]
[Site "Yerevan"]
[Date "1996.09.20"]
[Round "5.4"]
[White "Fiorito, Fabian"]
[Black "Sutovsky, Emil"]
[Result "1/2-1/2"]
[WhiteElo "2470"]
[BlackElo "2565"]
[Annotator "Psakhis,L"]
[PlyCount "110"]
[EventDate "1996.09.15"]
[EventType "team-swiss"]
[EventRounds "14"]
[EventCountry "ARM"]
[SourceTitle "CBM 055"]
[Source "ChessBase"]
[SourceDate "1996.12.01"]
[SourceVersion "1"]
[SourceVersionDate "1996.12.01"]
[SourceQuality "1"]
[WhiteTeam "Argentina"]
[BlackTeam "Israel"]
[WhiteTeamCountry "ARG"]
[BlackTeamCountry "ISR"]

1. Nf3 Nf6 2. g3 g6 3. b3 Bg7 4. Bb2 d6 5. c4 e5 6. d3 O-O 7. Bg2 Nh5 8. Nc3
Nc6 9. O-O f5 10. a3 {N/} (10. e3 g5 11. Nd5 f4 12. Nd2 g4 13. Be4 Rf7 14. b4
Qg5 $36 {Ubilava,E-Kupreichik,V/Rostov/1976/0:1/29/}) (10. Nd2 Be6 11. a3 a5
12. Nd5 Qd7 13. b4 axb4 14. axb4 Rxa1 15. Qxa1 Bh6 16. e3 $14 {Damljanovic,
B-Carruez,B/Ponferrada/1992/1:0/41/}) 10... a5 11. Nd2 Kh8 12. Nd5 (12. e3 $5)
12... Nd4 $1 13. e3 Ne6 14. Nf3 (14. f4 $6 c6 15. Nc3 Qb6 $1 16. Re1 exf4 17.
Na4 Qa7 18. gxf4 Nhxf4 $17) (14. Bf3 $5 Nf6 15. Nxf6 Qxf6 16. Bg2 $13) 14... c6
15. Nc3 g5 16. Nd2 (16. Nxe5 g4 $5 (16... dxe5 17. Qxh5 Qxd3 18. Rac1 Qd2 19.
Rb1 e4 $13) 17. Nxg4 (17. Nxc6 bxc6 18. Bxc6 Rb8 $15) 17... fxg4 (17... Qg5 $2
18. f4 $1 Nhxf4 19. exf4 Qxg4 20. Re1 $18) 18. Qxg4 Nf6 (18... Nef4 19. Qd1
Nxg2 20. Qxh5) 19. Qd1 Qe8 $132) 16... g4 17. b4 Ng5 18. f4 exf4 19. gxf4 (19.
exf4 Bd4+ (19... Ne6 $5 $15) 20. Kh1 Nxg3+ $6 (20... Qe8 $5 21. Qe1) 21. hxg3
Qe8 22. Rf2 $1 Qh5+ 23. Kg1 Nh3+ 24. Bxh3 Qxh3 25. Ne2 $1 Bxb2 26. Rh2 $18)
19... Ne6 20. b5 Qb6 21. d4 Bd7 22. a4 Nxd4 $1 23. exd4 Qxd4+ 24. Kh1 (24. Rf2
Nxf4 25. Nb3 Qxc4) 24... Rae8 25. Rb1 (25. Ndb1 $5 Qc5) 25... Qe3 $5 26. Qc2 (
26. Na2 Bxb2 27. Rxb2 Rf6 $1 (27... Re6 28. Rb3 Ng3+ 29. hxg3 Rh6+ 30. Bh3
Rxh3+ 31. Kg2 Rxg3+ 32. Kh2 $10) 28. Rb3 Ng3+ 29. hxg3 Rh6+ 30. Bh3 Rxh3+ 31.
Kg2 Rxg3+ 32. Kh2 Rh3+ 33. Kg2 Qe2+ 34. Qxe2 Rxe2+ 35. Rf2 Rh2+ $1 36. Kxh2
Rxf2+ $19) (26. Re1 Qf2 27. Rf1 Qh4 28. Nf3 (28. Ne2 Bxb2 29. Rxb2 Rxe2 30.
Qxe2 Ng3+ $19) 28... gxf3 29. Rxf3 Nxf4 30. Qxd6 Nxg2 31. Qxd7 Ne1 $1 32. Rf1
Rd8 33. Qe6 Rfe8 34. Qxf5 (34. Qf7 Be5) 34... Rd2 35. Ne2 (35. Qf4 Qxf4 36.
Rxf4 Nd3) 35... Rxb2 36. Rfxe1 Be5 37. h3 Qxc4 $19) 26... Ng3+ $4 (26... Re6 $1
27. Nf3 (27. Nd1 Ng3+ $1 28. hxg3 Rh6+) 27... gxf3 28. Rxf3 Qc5 $19) 27. hxg3
Rf6 28. Bf3 $1 $18 (28. Nf3 $2 Rh6+ 29. Nh2 Qxg3) 28... gxf3 29. Nxf3 (29. Rxf3
$5) 29... Qc5 30. Ne2 Rfe6 31. Bxg7+ Kxg7 32. Ned4 Re3 33. bxc6 (33. Rfd1 $5
$18) 33... Bxc6 34. Nxc6 $5 (34. Nxf5+ Kg8 35. Nxe3 Rxe3 36. Rb5 $1 Rxf3 37.
Rxf3 Bxf3+ 38. Kh2 Qd4 39. Qb2 $18) 34... Qxc6 (34... bxc6 35. Rfe1 $1) 35.
Qb2+ (35. Qxf5 $1 $18 Rxf3 $2 36. Qg4+) 35... Kg8 36. Qxb7 Qxc4 37. Ng5 (37.
Rfc1 $5 Qe4 38. Rc8 $1) 37... R8e7 38. Qb8+ Re8 39. Qb5 (39. Qxd6 Rd3 (39...
Rxg3 40. Qd7) 40. Rbc1 $1 $18) 39... Qxb5 40. Rxb5 Rxg3 41. Rxf5 h6 42. Nf3 $6
(42. Nf7 $18) 42... Re4 43. Rg1 (43. Kh2 $5 Rg4 44. Rxa5 Rexf4 45. Ra8+ Kg7 46.
a5 $18) 43... Rxg1+ 44. Kxg1 Rxa4 45. Kg2 Rc4 46. Kg3 Rc5 $1 47. Rf6 a4 48.
Rxd6 Ra5 49. Rd2 (49. Rxh6 a3 50. Rh1 a2 51. Ra1 Kf7 52. Nd4 Kf6 53. Kg4 Ra4
54. Ne2 Ra3 55. Nc1 Rc3 56. Nxa2 Ra3 $10) 49... a3 50. Ra2 h5 51. Nd2 Ra4 $1
52. Kf3 (52. Nb1 h4+ 53. Kg4 h3) 52... h4 53. Nb3 (53. Nb1 h3 54. Rxa3 h2) (53.
Ne4 $5 h3 54. Ng3) 53... Kg7 54. Kg4 h3 55. Kxh3 Rxf4 1/2-1/2

[Event "Olympiad-37"]
[Site "Turin"]
[Date "2006.05.24"]
[Round "4"]
[White "Vallejo Pons, Francisco"]
[Black "Hjartarson, Johann"]
[Result "1-0"]
[WhiteElo "2666"]
[BlackElo "2619"]
[Annotator "Reeh,O"]
[PlyCount "75"]
[EventDate "2006.05.21"]
[EventType "team-swiss"]
[EventRounds "13"]
[EventCountry "ITA"]
[SourceTitle "CBM 113"]
[Source "ChessBase"]
[SourceDate "2006.07.31"]
[SourceVersion "1"]
[SourceVersionDate "2006.07.31"]
[SourceQuality "1"]
[WhiteTeam "Spain"]
[BlackTeam "Iceland"]
[WhiteTeamCountry "ESP"]
[BlackTeamCountry "ISL"]

1. Nf3 Nf6 2. c4 b6 3. Nc3 Bb7 4. g3 Bxf3 5. exf3 c5 6. d4 cxd4 7. Qxd4 Nc6 8.
Qd2 g6 9. b3 Bg7 10. Bb2 O-O 11. Bg2 e6 12. f4 d5 13. Rd1 Rc8 (13... Ne7 {
came into consideration here. kam hier in Betracht.}) 14. cxd5 exd5 15. O-O d4
{Activity at any cost - otherwise the pawn on d5 will just fall. Aktivität um
jeden Preis - ansonsten fällt einfach der Bauer d5.} 16. Nb5 Nd5 17. Ba3 a6 $2
{Now it will be two exchanges! Jetzt werden es zwei Qualitäten sein!} (17...
Nc3 $5 18. Bxf8 (18. Bxc6 Nxd1 19. Bxf8 Bxf8 20. Nxa7 Rc7 21. Rxd1 (21. Nb5
Rxc6 22. Rxd1 Bg7) 21... Rxa7 $16) 18... Qxf8 19. Nxc3 dxc3 {and due to his
strong pawn on c3, Black still has some hope. und aufgrund seines starken
Bauern auf c3 hat Schwarz noch Hoffnung.}) 18. Nd6 Nc3 19. Nxc8 Qxc8 20. Bxf8
Kxf8 21. Rc1 b5 22. Rxc3 $1 {Who needs two exchanges, anyway? Wer braucht
schon zwei Mehrqualitäten?} dxc3 23. Qd6+ Ne7 24. Re1 Qe8 {[%tqu "En","Of
course White is winning here with his plus exchange, but what is the fastest
win for him?","White can make use of Black's weak back rank. To this end, he
first of all must win Black's knight.","Deflect the black queen from the
defence of the knight e7.","g2c6","Correct, but have you already seen the
point two moves afterwards? White is winning by force!",10,"De","Natürlich
steht Weiß mit seiner Mehrqualität auf Gewinn, doch wie lautet hier der
schnellste Gewinnweg?","Weiß kann die schwache gegnerische Grundreihe
ausnutzen. Zu diesem Zweck muss er zunächst den schwarzen Springer abholen.",
"Lenken Sie die schwarze Dame von der Deckung des Springers e7 ab.","g2c6",
"Korrekt, aber haben Sie auch schon die Pointe zwei Züge später
vorhergesehen?",10]} 25. Bc6 $1 {Could have been the prelude to a mating
attack - the point follows two moves later. Hätte tatsächlich die Einleitung
zu einer Mattkombination sein können - die Pointe folgt zwei Züge später.} Qxc6
26. Qxe7+ Kg8 {[%tqu "En","And now comes the real point of the liquidation
started on move 25. White can win immediately here. How?","White can start a
mating attack here.","Make use of the weak black back rank.","e7e8","Taking
the long way home.",0,"e1d1","Congratulations. You have seen that White can go
for more here than just a won endgame.",20,"De","Und jetzt kommt die wirkliche
Pointe der im 25. Zug eingeleiteten Abtauschaktion. Weiß kann hier sofort
gewinnen. Wie?","Weiß kann hier einen Mattangriff einleiten.","Schlagen Sie
Kapital aus der schwachen schwarzen Grundreihe.","e7e8","Taking the long way
home.",0,"e1d1","Glückwunsch. Sie haben gesehen, dass Weiß hier mehr anstreben
kann als 'nur' ein gewonnenes Endspiel.",20]} 27. Qe8+ $6 {Taking the long way
home. Danach muss Weiß noch ein Endspiel gewinnen.} (27. Rd1 $1 {was winning
immediately: gewann auf der Stelle:} h5 28. Rd6 $1 (28. Rd7 $2 Qf6) 28... Qf3 (
28... Qc8 29. Rd8+) 29. Rd7 {and Black gets mated. und Schwarz wird matt.})
27... Qxe8 28. Rxe8+ Bf8 29. Kf1 f5 30. Ke2 Kf7 31. Ra8 Bc5 32. Rc8 Bd4 33. Kd3
Bxf2 34. Rxc3 Bg1 35. Rc7+ Kg8 36. Ke2 a5 37. Kf1 Bd4 38. Rd7 1-0

[Event "Kecskemet"]
[Site "Kecskemet"]
[Date "1990.??.??"]
[Round "9"]
[White "Schlosser, Philipp"]
[Black "Gallagher, Joseph G"]
[Result "1-0"]
[WhiteElo "2465"]
[BlackElo "2470"]
[Annotator "Ribli,Z"]
[PlyCount "81"]
[EventDate "1990.06.??"]
[EventType "tourn"]
[EventRounds "13"]
[EventCountry "HUN"]
[EventCategory "8"]
[SourceTitle "CBM 020"]
[Source "ChessBase"]
[SourceDate "1991.02.01"]
[SourceVersion "1"]
[SourceVersionDate "1991.02.01"]
[SourceQuality "1"]

1. Nf3 Nf6 2. c4 g6 3. b4 Bg7 4. Bb2 O-O 5. e3 d6 6. Be2 e5 7. d3 Nbd7 8. O-O (
8. Nc3 Re8 9. Qc2 Nf8 10. a4 Bd7 {Rogers,I-Piket,Je Groningen 1989 CBM/16})
8... Re8 9. Nbd2 c6 10. Qb3 Qc7 11. Rfd1 h6 12. Bc3 Nf8 13. a4 g5 14. Nf1 Ng6
$13 15. b5 c5 16. a5 Qe7 17. Ng3 Be6 18. h3 g4 19. hxg4 Nxg4 20. Re1 f5 21. Bf1
Rf8 22. Nh2 Nxh2 23. Kxh2 h5 24. Qd1 f4 (24... h4 $5) 25. Ne4 Bg4 26. Be2 Qh4+
27. Kg1 Rad8 28. g3 $1 fxg3 29. fxg3 Qh3 30. Bxg4 hxg4 31. Ra2 $1 Qh5 32. Rh2
Qf5 33. Rf1 Qd7 34. Rhf2 Rxf2 35. Nxf2 e4 36. Bxg7 Kxg7 37. Nxg4 exd3 38. Qa1+
Ne5 39. Nxe5 dxe5 40. Qxe5+ Kg8 41. Qg5+ 1-0

[Event "Varazdin GM"]
[Site "Varazdin"]
[Date "2003.11.29"]
[Round "8"]
[White "Mikhalchishin, Adrian"]
[Black "Topalovic, Zlatko"]
[Result "0-1"]
[WhiteElo "2522"]
[BlackElo "2514"]
[Annotator "Ribli,Z"]
[PlyCount "86"]
[EventDate "2003.11.24"]
[EventType "tourn"]
[EventRounds "10"]
[EventCountry "CRO"]
[EventCategory "10"]
[SourceTitle "CBM 099"]
[Source "ChessBase"]
[SourceDate "2004.03.30"]
[SourceVersion "1"]
[SourceVersionDate "2004.03.30"]
[SourceQuality "1"]

1. Nf3 Nf6 2. c4 g6 3. b4 {Dieser Bauernzug ist etwas sonderbar, aber in der
sehr gut bekannten Partie Reti, R - Capablanca, J, New York 1924, war Weiß mit
dieser Fortsetzung erfolgreich. Mit dem Textzug möchte Weiß am Damenflügel
Raum gewinnen.} Bg7 (3... a5 4. b5 Bg7) 4. Bb2 O-O 5. e3 {Die andere
Möglichkeit für Weiß wäre 5.g3.} b6 {Schwarz möchte seinen anderen Läufer auch
auf die große Diagonale entwickeln. Gewöhnlich spielt Schwarz jedoch 5...d6,
was gute Ausgleichschancen ergibt.} (5... d6 6. d3 (6. d4 e5 7. dxe5 Ng4 8. Nc3
Nxe5 9. Nxe5 dxe5 $11)) 6. d4 (6. Be2 Bb7 7. O-O c5 8. a3 {1/2-1/2 Espig,
L-Mikhalchishin,A/Dortmund 1991/CBM 23 (8)}) 6... Bb7 (6... c5 7. dxc5 (7. bxc5
bxc5 8. d5 Na6 9. Be2 Rb8 10. Bc3 Ne4 11. Bxg7 Kxg7 12. O-O Qb6 13. Bd3 Qf6 14.
Na3 Nc3 15. Qd2 d6 16. Rfc1 Na4 17. Nb5 Bg4 {1/2-1/2 Gasimov,R-Gouliev,N/Baku
2000/EXT 2002 (41)}) 7... bxc5 8. b5 a6 9. a4 Ne4 10. Bxg7 Kxg7 11. Qd5 Qa5+
12. Ke2 Bb7 13. Qxb7 Nc6 14. Nfd2 Ra7 15. bxc6 Rxb7 16. cxb7 Qb4 {0-1 Smyslov,
V-Gufeld,E/URS 1967/MCD (35)}) 7. Be2 c5 8. Qb3 $6 {Weiß bringt die Dame ins
Spiel, aber der Textzug gefällt mir nicht.} (8. a3) (8. dxc5 bxc5 9. b5 $14)
8... cxb4 9. Qxb4 d5 $36 {[%csl Rb4,Gb7,Gg7] Schwarz hat eine gute Entwicklung
und eine bequeme Stellung. Seine zwei Läufer stehen besonders gut auf den
großen Diagonalen, während die b4Q unglücklich steht.} 10. Nbd2 (10. c5 $6 Nc6
$15) 10... Nc6 11. Qa3 (11. Qb3 Na5 $15) 11... dxc4 12. Nxc4 Rc8 13. Nce5 (13.
O-O b5 14. Nce5 a6 $11) 13... a5 $1 {[%cal Gc6b4] Mit dieser Fortsetzung
mobilisiert Schwarz seine Bauern am Damenflügel und bereitet 14...Nb4 vor.} 14.
Nxc6 (14. O-O Nb4 $15) (14. Nd3 $11) 14... Bxc6 {Wir haben jetzt eine Stellung,
die typisch für die Grünfeld-Indische Verteidigung ist: Weiß hat Raumvorteil
im Zentrum, aber Schwarz kontrolliert indirekt die wichtigsten Zentrumsfelder
durch seine Figuren. Allerdings hat Schwarz hier bereits deutlich
Entwicklungsvorsprung.} 15. Rc1 b5 $15 {[%csl Ra3,Ga5,Gb5,Gc6,Yd5,Ye4][%cal
Gb5b4,Gc6h1] Der c6B steht ausgezeichnet und in folgendem Schwarz kann b5-b4
spielen, mit weiterem Raumgewinn am Damenflügel.} 16. O-O (16. Rxc6 Rxc6 17.
Bxb5 Rc8 18. O-O Qd5 $15) 16... b4 17. Qd3 (17. Qb3 Qd6 $11) 17... Qd5 18. Qa6
Bb7 $1 (18... Qxa2 19. Rxc6 Rxc6 20. Qxc6 Qxb2 21. Bc4 Ne8 {[%cal Ge8d6]} (
21... e6 22. Ne5 $132) 22. Bxf7+ Kxf7 23. Qd5+ e6 24. Ng5+ Kg8 25. Qxe6+ Kh8
26. Nf7+ Rxf7 27. Qxf7 Nf6 28. Qa7 $132) 19. Qb5 (19. Qb6) 19... Qxa2 20. Qxb7
Rxc1 21. Bxc1 (21. Rxc1 $2 Qxb2 {[%cal Rb2e2,Rb2c1]} 22. Re1 a4 $19) 21... Qxe2
22. Qxe7 Qb5 $17 {[%csl Ga5,Gb4] Die Stellung ist zwar materiell gleich, aber
Schwarz hat ein entscheidendes positionelles Übergewicht - seine verbundenen
Freibauern am Damenflügel sind sehr stark.} 23. Bd2 b3 (23... Re8 $17) 24. Rb1
a4 25. h4 Re8 26. Qa7 Ne4 (26... Nd5 $17) 27. Be1 Bf8 {[%cal Ga4a3] Auf diese
Weise bereitet Schwarz 28...a3 vor.} 28. h5 gxh5 29. Ne5 Rxe5 $1 {[%mdl 512]
Schwarz opfert die Qualität und vernichtet auf diese Weise die einzige aktive
weiße Figur.} (29... Be7 $17) 30. dxe5 Qd3 31. Rc1 (31. Ra1 a3 (31... b2 32.
Qxa4 bxa1=Q 33. Qxa1 Qe2 $19) 32. Rxa3 Bxa3 33. Qxa3 Qd1 $19) 31... b2 32. Rc8
b1=Q 33. Qe7 {[%csl Rg8][%cal Re7f8,Rc8g8]} Qxe1+ 34. Kh2 Qh1+ $8 {[%mdl 64]
Interessanterweise ist das die einzige Möglichkeit für Schwarz zu gewinnen -
er gibt seine neue Dame für ein Tempo!} 35. Kxh1 Nxf2+ 36. Kg1 (36. Kh2 Ng4+
$19) 36... Qb1+ 37. Kh2 (37. Kxf2 Qf5+ $19 {[%cal Rf5f2,Rf5c8]}) 37... Ng4+ 38.
Kg3 (38. Kh3 Qh1+ 39. Kg3 Qh2+ $19 {Auf diese Weise erreichen wir die
Partiefortsetzung.}) 38... Qe1+ 39. Kh3 Qh1+ (39... Qxe3+ 40. g3 Qh6 $19) 40.
Kg3 Qh2+ 41. Kf3 Nxe5+ 42. Ke4 Ng6 $19 {Endlich ist alles verteidigt in der
schwarzen Stellung und er behält deutlichen Materialvorteil.} 43. Qg5 h6 0-1

[Event "Valby K41"]
[Site "Valby"]
[Date "1991.??.??"]
[Round "6"]
[White "Danielsen, Henrik"]
[Black "Uhlmann, Wolfgang"]
[Result "1/2-1/2"]
[WhiteElo "2405"]
[BlackElo "2500"]
[Annotator "Ribli,Z"]
[PlyCount "153"]
[EventDate "1991.09.??"]
[EventType "tourn"]
[EventRounds "9"]
[EventCountry "DEN"]
[EventCategory "10"]
[SourceTitle "CBM 027"]
[Source "ChessBase"]
[SourceDate "1992.04.01"]
[SourceVersion "1"]
[SourceVersionDate "1992.04.01"]
[SourceQuality "1"]

1. Nf3 Nf6 2. c4 g6 3. b4 Bg7 4. Bb2 O-O 5. e3 c6 6. Be2 a5 7. b5 cxb5 8. cxb5
d6 9. O-O Nbd7 (9... a4 10. a3 Nbd7 11. Nc3 Nb6 12. d3 Bd7 13. Qd2 Ne8 14. Rab1
Nc7 15. Rfc1 e5 16. d4 Bf5 $13 {Smyslov,V-Fernandez Garcia,J Buenos Aires 1990
EXP/19}) 10. d3 Nb6 11. Nbd2 (11. a4 Nbd5) 11... a4 12. a3 Bd7 13. Rb1 e5 14.
Nc4 Bxb5 15. Bxe5 dxe5 16. Rxb5 Nxc4 17. dxc4 Qe7 18. c5 (18. Nxe5 Ne4 $1 $44)
18... Rfc8 19. Qb1 Rxc5 20. Rxb7 Rc7 21. Rxc7 Qxc7 22. Rc1 Qe7 23. Bc4 Ne8 24.
Rd1 Rc8 25. Nd2 Bf8 (25... Qxa3 26. Qb7 Rc7 27. Qb8 $146) 26. Qc2 Ra8 27. Bd5
Rd8 28. Nc4 Nc7 29. Bc6 Rxd1+ 30. Qxd1 Ne6 31. Qxa4 Nc5 32. Qc2 Qc7 33. Bd5 Nd7
34. e4 Nb6 35. a4 Nxc4 36. Bxc4 Bc5 37. g3 Kg7 38. Kg2 Qa5 39. Bb3 Qb4 40. Qd3
Qd4 41. Qf3 f6 42. Qe2 Bb6 43. Qc2 Qc5 44. Bc4 Qd4 45. Bd5 Kh6 46. Qa2 Qc3 47.
Be6 Qb4 48. Qc2 Qd4 49. Bd5 Kg7 50. Qa2 Qb4 51. h3 Qe1 52. h4 h5 53. Qb2 Bd4
54. Qc2 Qc3 55. Qa2 Qa5 56. Qa3 Qa7 57. Qc1 Bc5 58. Qc2 Qb6 59. Bb3 Qb4 60. Ba2
Qd4 61. a5 g5 62. a6 gxh4 63. gxh4 f5 64. Bd5 fxe4 65. Bxe4 Kf6 66. Bf3 Ke7 67.
Qh7+ Kd8 68. Qg8+ Kc7 69. Qf7+ Kb6 70. Qf6+ Bd6 71. Bxh5 Kxa6 72. Bf3 Ka5 73.
h5 Bc5 74. Be2 e4 75. Qxd4 Bxd4 76. Bg4 Kb6 77. Kf1 1/2-1/2